Bài tập macromedia flash MX 2004

Đã lưu trong:
書目詳細資料
主要作者: Nguyễn, Trường Sinh
格式: 圖書
語言:Undetermined
出版: Thành phố Hồ Chí Minh Lao động Xã hội 2004
主題:
標簽: 添加標簽
沒有標簽, 成為第一個標記此記錄!
Thư viện lưu trữ: Trung tâm Học liệu Trường Đại học Cần Thơ
LEADER 00683nam a2200193Ia 4500
001 CTU_237765
008 210402s9999 xx 000 0 und d
082 |a 006.78 
082 |b S312 
100 |a Nguyễn, Trường Sinh 
245 0 |a Bài tập macromedia flash MX 2004 
245 0 |c Nguyễn Trường Sinh 
260 |a Thành phố Hồ Chí Minh 
260 |b Lao động Xã hội 
260 |c 2004 
650 |a Multimedia systems,Flash mx ( computer programs ),Hệ thống đa phương tiện 
650 |x Computer programs,Chương trình máy tính 
904 |i Minh 
980 |a Trung tâm Học liệu Trường Đại học Cần Thơ